| 000 | 01738nam0a2200409 4500 | ||
|---|---|---|---|
| 001 | RU\NLR\BIBL_A\010833349 | ||
| 005 | 20221003104838.0 | ||
| 010 |
_a978-5-09-017979-9 _93000 |
||
| 021 |
_aRU _bКН-П-18-028222 _9КН-П-18-2063 |
||
| 035 | _a(NLR Aleph) 010833349 | ||
| 035 | _a(NILC)RuMoRGB-007989421 | ||
| 090 |
_a10298764 _c10298764 |
||
| 100 | _a20150914d2015 em y0rusy50 ca | ||
| 101 | 0 |
_arus _ager |
|
| 102 | _aRU | ||
| 105 | _aab||j|||000yy | ||
| 200 | 1 |
_aНемецкий язык _e9 класс _eучебник для общеобразовательных организаций _f[О.А. Радченко, К.Р. Цойнер, К.Х. Билер и др.] |
|
| 210 |
_aМосква _cПросвещение _d2015 |
||
| 215 |
_a173, [2] с. _cцв. ил., карт. _d26 |
||
| 225 | 1 | _aФГОС | |
| 225 | 1 |
_aВундеркинды _dWunderkinder _zger |
|
| 300 | _aНа обл.: Deutsch: 9: Lehrbuch | ||
| 300 | _aНа корешке загл.: Wunderkinder. Lehrbuch. 9 | ||
| 300 | _aАвт. указаны на обороте тит. л. | ||
| 512 | 1 |
_aDeutsch _e9 _eLehrbuch |
|
| 516 | 1 | _aWunderkinder. Lehrbuch. 9 | |
| 606 | 1 |
_aНемецкий язык _jУчебники для средней школы _2nlr_sh2 _3RU\NLR\AUTH\66413315 |
|
| 675 | _a373.167.1:811.112.2 | ||
| 686 | 3 | _aШ143.24-93рус21[9] | |
| 701 | 1 |
_aРадченко _bО. А. _f1962- _gОлег Анатольевич _3RU\NLR\AUTH\7732625 |
|
| 701 | 1 |
_aЦойнер _bК. Р. _gКатрин Роми _3RU\NLR\AUTH\770247149 |
|
| 701 | 1 |
_aБилер _bК. Х. _gКарл Хайнц |
|
| 801 | 0 |
_aRU _bРГБ _c20150803 _gRCR |
|
| 942 | _cBOOK | ||
| 980 | _aNB | ||